000 00627nam a2200241Ia 4500
003 OSt
005 20221005125455.0
006 a|||||r|||| 00| 0
007 ta
008 221004b |||||||| |||| 00| 0 tam d
024 _a46974
037 _cTextual
040 _aCRL
_cCRL
_btam
041 _2tam
_atam
082 _aDelta2:864, 31J5
100 _aPillai Kandhasamy Au.
_9636723
245 0 _aPerid jyothida chillaraikovai
260 _c1955
300 _a361p.
_ccm.
650 _aSPIRITUALISM
942 _hDelta2:864, 31J5
_cTEXL
_2cc
999 _c1054115
_d1054115